000 01351nam a2200361 a 4500
001 000111282
003 CHAP
005 20220329144205.0
008 150126s2014 mx a fsm |||||||spa d
010 _a107744
011 _a108716
040 _cCHAP
090 _aTesis
100 1 _aArmendáriz Daher, Laura
_9129131
245 1 0 _aSustentabilidad del agua subterránea usada en el riego en el cultivo del sorgo grano (Sorghum vulgare) BMF en el DR-042, Buenaventura, Chihuahua en 2012
_h[En línea]
_cpor Laura Armendáriz Daher.
260 _aChapingo, Méx. :
_bEl autor,
_c2014.
500 _aPara ver el contenido del material haga clic en la liga
502 _aTesis (Ing. en Sistemas Agrícolas) -- UACH. Unidad Regional Univeristria de Zonas Áridas
590 _aBATCH
_b00
_c20181121
_lUCH01
_h0758
590 _aE11695DGD
_b10
_c20150129
_lUCH01
_h1104
590 _aE5995AHE
_b05
_c20150126
_lUCH01
_h1407
590 _aE5995AHE
_b05
_c20150126
_lUCH01
_h1408
650 1 4 _aAgua subterránea
_zChihuahua
_92486
650 1 4 _aBombeo.
_913625
650 1 4 _aIndicadores económicos.
_957564
650 1 4 _aMaíz
_xIrrigación.
_970998
650 1 4 _aSorgo
_xIrrigación.
_9108688
856 _a1
_n0000533
856 _aFinding aid
_uhttp://10.13.5.2/tesis/sist111282.pdf
_zTeclea aquí
901 _aBK
942 _cTESIS
942 _n0
999 _c107744
_d107744